Ensayo de una biblioteca española de los mejores escritores del reynado de Carlos III.

Detalles Bibliográficos
Autor principal: SEMPERE Y GUARINOS, Juan
Formato: Libro
Publicado: Madrid 1785
Materias:
Colección:Banco de datos
Acervo:Biblioteca del Museo de sitio casa de Morelos. Morelia. Michoacán
Descripción Física:t. IV
Tema general:Literatura
Notas:Regular. H1,5. Biblioteca Pública de Morelia. Estudios bibliográficos de autores cuyos apellidos empiezan de letra M a la Q. Encuadernado en un mismo volumen con el t. III.
LEADER 00843nam a22002050004500
035 |a 58258 
036 |a 1319 
100 1 |a SEMPERE Y GUARINOS, Juan 
245 1 0 |a Ensayo de una biblioteca española de los mejores escritores del reynado de Carlos III. 
260 |a Madrid  |b Imprenta Real  |c 1785 
300 |a t. IV 
500 |a Regular. H1,5. Biblioteca Pública de Morelia. Estudios bibliográficos de autores cuyos apellidos empiezan de letra M a la Q. Encuadernado en un mismo volumen con el t. III. 
650 1 0 |a Literatura 
949 |a C.MOR 
959 |a Museo de Sitio Casa de Morelos. Morelia, Michoacán  |b CCC8 
960 |a Museo de Sitio Casa de Morelos, Michoacán  |b DD91 
961 |a Varias Ordenes Religiosas  |b VO 
942 |c MORELIA 
943 |g Biblioteca del Museo de sitio casa de Morelos. Morelia. Michoacán 
999 |c 975757  |d 975757